| 000 | 00681cam a22002533a 4500 | ||
|---|---|---|---|
| 001 | 17104 | ||
| 003 | PGUSA | ||
| 005 | 20140828083350.0 | ||
| 008 | 051119s2005||||xxu|||||s|||||000 p eng d | ||
| 040 |
_aPGUSA _beng |
||
| 042 | _adc | ||
| 050 | 4 | _aPZ | |
| 100 | 1 |
_aNewell, Peter, _d1862-1924 |
|
| 245 | 1 | 4 |
_aThe Rocket Book _h[electronic resource] / _cPeter Newell |
| 260 |
_bProject Gutenberg, _c2005 |
||
| 506 | _aPublic domain in the USA. | ||
| 516 | _aElectronic text | ||
| 653 | _aStories in rhyme | ||
| 653 | _aChildren's poetry | ||
| 653 | _aHumorous poetry | ||
| 830 | 0 |
_aProject Gutenberg _v17104 |
|
| 856 | 4 | 0 | _uhttp://www.gutenberg.org/ebooks/17104 |
| 942 | _cEB | ||
| 999 |
_c246359 _d246359 |
||